[Event "Barcelona Tres Peons-G 45th"]
[Site "Barcelona"]
[Date "2016.05.20"]
[Round "6.2"]
[White "Cercos Planas, Francesc"]
[Black "Martin Valentin, Manuel"]
[Result "1-0"]
[WhiteElo "1519"]
[BlackElo "1702"]
[PlyCount "37"]
[EventDate "2016.04.15"]
[EventType "swiss"]
[EventRounds "9"]
[EventCountry "ESP"]
[SourceTitle "EXT 2024"]
[Source "ChessBase"]
[SourceDate "2023.10.10"]
[SourceVersion "1"]
[SourceVersionDate "2023.10.10"]
[SourceQuality "1"]

1. e4 e5 2. Nf3 Nc6 3. Bc4 Nf6 4. d3 d5 5. exd5 Na5 6. 0-0 Bg4 7. Nbd2 Bd6 8. Qe1 0-0 9. Bb3 Nxb3 10. axb3 Re8 11. Ng5 Nxd5 12. Nc4 Nf6 13. Ne3 c6 14. Nxg4 Nxg4 15. Ra4 f5 16. Qc3 b5 17. Ra6 c5 18. b4 Rc8 19. bxc5 1-0

[Event "Barcelona Tres Peons-G 45th"]
[Site "Barcelona"]
[Date "2016.05.13"]
[Round "5.4"]
[White "Rivera Jimenez, Cesar"]
[Black "Cercos Planas, Francesc"]
[Result "1-0"]
[WhiteElo "1712"]
[BlackElo "1519"]
[PlyCount "55"]
[EventDate "2016.04.15"]
[EventType "swiss"]
[EventRounds "9"]
[EventCountry "ESP"]
[SourceTitle "EXT 2024"]
[Source "ChessBase"]
[SourceDate "2023.10.10"]
[SourceVersion "1"]
[SourceVersionDate "2023.10.10"]
[SourceQuality "1"]

1. e4 e6 2. d4 d5 3. Nc3 Nf6 4. e5 Nfd7 5. f4 c5 6. Nf3 Nc6 7. Be3 Qb6 8. Na4 Qa5+ 9. Nc3 c4 10. Be2 Be7 11. 0-0 0-0 12. Qd2 f6 13. b3 b5 14. Nb1 Qxd2 15. Nbxd2 fxe5 16. Nxe5 Ncxe5 17. fxe5 Bb7 18. Bg4 Rxf1+ 19. Rxf1 Nf8 20. Nf3 Bc8 21. Bg5 Bxg5 22. Nxg5 a5 23. Nf7 Bd7 24. Nd6 Rb8 25. Rf7 cxb3 26. cxb3 b4 27. Rxd7 Nxd7 28. Bxe6+ 1-0

[Event "Barcelona Primavera La Lira op 8th"]
[Site "Barcelona"]
[Date "2015.05.28"]
[Round "8"]
[White "Cercos Planas, Francesc"]
[Black "Gomez Fernandez, Miquel"]
[Result "1/2-1/2"]
[WhiteElo "1529"]
[BlackElo "1594"]
[PlyCount "110"]
[EventDate "2015.04.09"]
[EventType "swiss"]
[EventRounds "9"]
[EventCountry "ESP"]
[SourceTitle "CBM 166 Extra"]
[Source "ChessBase"]
[SourceDate "2015.06.18"]
[SourceVersion "1"]
[SourceVersionDate "2015.06.18"]
[SourceQuality "1"]

1. e4 c5 2. Nf3 Nc6 3. d4 cxd4 4. Nxd4 e5 5. Nf3 a6 6. Bc4 Nf6 7. Ng5 d5 8. exd5 Nd4 9. 0-0 b5 10. Re1 Bd6 11. Bf1 0-0 12. c3 Nf5 13. Nd2 h6 14. Nge4 Nxd5 15. Nxd6 Qxd6 16. Ne4 Qc6 17. g3 Rb8 18. Bg2 Nf6 19. Nd2 Qd6 20. Qc2 Re8 21. Ne4 Nxe4 22. Bxe4 Qf6 23. a4 Nd6 24. Bg2 Bb7 25. Bxb7 Rxb7 26. axb5 axb5 27. b3 e4 28. Be3 Nf5 29. Bf4 Qc6 30. Rad1 Rbe7 31. c4 g5 32. Bc1 bxc4 33. Qc3 Re6 34. Bb2 f6 35. bxc4 e3 36. Qc2 exf2+ 37. Qxf2 Rxe1+ 38. Rxe1 Rxe1+ 39. Qxe1 Qb6+ 40. Qf2 Qxf2+ 41. Kxf2 Kf7 42. Kf3 Ke6 43. g4 Ne7 44. Ke4 f5+ 45. gxf5+ Nxf5 46. Be5 h5 47. c5 Ne7 48. Bd6 Nc6 49. Bf8 g4 50. Kf4 Kf6 51. Kg3 Kf5 52. Kh4 Kg6 53. Bd6 Nd8 54. Bf4 Nc6 55. Bg5 Ne5 1/2-1/2

[Event "Barcelona Primavera La Lira op 8th"]
[Site "Barcelona"]
[Date "2015.05.21"]
[Round "7"]
[White "Cercos Planas, Francesc"]
[Black "Rodriguez Beltran, Fernando"]
[Result "0-1"]
[WhiteElo "1529"]
[BlackElo "1621"]
[PlyCount "70"]
[EventDate "2015.04.09"]
[EventType "swiss"]
[EventRounds "9"]
[EventCountry "ESP"]
[SourceTitle "CBM 166 Extra"]
[Source "ChessBase"]
[SourceDate "2015.06.18"]
[SourceVersion "1"]
[SourceVersionDate "2015.06.18"]
[SourceQuality "1"]

1. e4 d5 2. exd5 Qxd5 3. Nc3 Qa5 4. d4 Nf6 5. Bd2 Bg4 6. f3 Bf5 7. Nge2 c6 8. Ng3 Bg6 9. Bc4 e6 10. a3 Nbd7 11. Nce2 Qc7 12. Nf4 Bd6 13. Nfe2 Nd5 14. Qc1 N7f6 15. Bb4 Nxb4 16. axb4 Bxb4+ 17. c3 Bd6 18. Qe3 Nd5 19. Bxd5 cxd5 20. Kf2 0-0 21. h4 h6 22. h5 Bh7 23. Rh4 Rae8 24. Nf1 f5 25. f4 Be7 26. Rh3 Kh8 27. Nd2 b5 28. Nf3 b4 29. Ne5 bxc3 30. bxc3 Bf6 31. Ng6+ Bxg6 32. hxg6 e5 33. dxe5 Be7 34. Rxa7 Qc5 35. Kf3 Qxe3+ 0-1

[Event "Barcelona Primavera La Lira op 8th"]
[Site "Barcelona"]
[Date "2015.05.14"]
[Round "6"]
[White "Claria Martinez, Albert"]
[Black "Cercos Planas, Francesc"]
[Result "0-1"]
[WhiteElo "1641"]
[BlackElo "1529"]
[PlyCount "50"]
[EventDate "2015.04.09"]
[EventType "swiss"]
[EventRounds "9"]
[EventCountry "ESP"]
[SourceTitle "CBM 166 Extra"]
[Source "ChessBase"]
[SourceDate "2015.06.18"]
[SourceVersion "1"]
[SourceVersionDate "2015.06.18"]
[SourceQuality "1"]

1. d4 d5 2. Nc3 Nf6 3. f3 e6 4. e4 dxe4 5. fxe4 h6 6. e5 Nd5 7. Bd2 Qh4+ 8. g3 Qxd4 9. Nf3 Qb6 10. b3 Nxc3 11. Bxc3 Bb4 12. Bxb4 Qxb4+ 13. Nd2 0-0 14. Qe2 Qc3 15. 0-0-0 Nc6 16. Nb1 Qa1 17. c3 a6 18. Rd2 Rd8 19. Rb2 Rd5 20. Qc4 Bd7 21. Qe2 Nxe5 22. a4 Nd3+ 23. Kc2 Qxb2+ 24. Kd1 Qxb1+ 25. Kd2 Qc1# 0-1

[Event "Barcelona Primavera La Lira op 8th"]
[Site "Barcelona"]
[Date "2015.05.07"]
[Round "5"]
[White "Cercos Planas, Francesc"]
[Black "Montero Domenech, Felix"]
[Result "0-1"]
[WhiteElo "1529"]
[BlackElo "1711"]
[PlyCount "60"]
[EventDate "2015.04.09"]
[EventType "swiss"]
[EventRounds "9"]
[EventCountry "ESP"]
[SourceTitle "CBM 166 Extra"]
[Source "ChessBase"]
[SourceDate "2015.06.18"]
[SourceVersion "1"]
[SourceVersionDate "2015.06.18"]
[SourceQuality "1"]

1. e4 g6 2. d4 Bg7 3. Be3 c5 4. Nf3 cxd4 5. Bxd4 Nf6 6. Bd3 Nc6 7. Bc3 d6 8. h3 0-0 9. Nbd2 e5 10. Qe2 Nh5 11. g3 d5 12. exd5 Qxd5 13. Bc4 Qd8 14. 0-0-0 Nd4 15. Nxd4 exd4 16. Nf3 Re8 17. Qf1 dxc3 18. Rxd8 cxb2+ 19. Kb1 Rxd8 20. Qe1 Bf6 21. Qe4 Ng7 22. g4 Ne6 23. Bxe6 Bxe6 24. g5 Bd5 25. Qf4 Bg7 26. Re1 Rac8 27. h4 Rc4 28. Qd2 Ra4 29. a3 Rxa3 30. Ne5 Ba2+ 0-1

[Event "Barcelona Primavera La Lira op 8th"]
[Site "Barcelona"]
[Date "2015.04.23"]
[Round "3"]
[White "Menarguez Martinez, Jose"]
[Black "Cercos Planas, Francesc"]
[Result "1-0"]
[WhiteElo "1947"]
[BlackElo "1529"]
[PlyCount "61"]
[EventDate "2015.04.09"]
[EventType "swiss"]
[EventRounds "9"]
[EventCountry "ESP"]
[SourceTitle "CBM 166 Extra"]
[Source "ChessBase"]
[SourceDate "2015.06.18"]
[SourceVersion "1"]
[SourceVersionDate "2015.06.18"]
[SourceQuality "1"]

1. e4 e5 2. d3 Nf6 3. Nc3 Bb4 4. Bd2 0-0 5. g3 c6 6. Bg2 d5 7. f3 d4 8. Nce2 Bd6 9. f4 Bg4 10. f5 Nbd7 11. h3 Bxe2 12. Qxe2 a5 13. g4 Bb4 14. Nf3 Bxd2+ 15. Qxd2 g6 16. g5 Nh5 17. f6 Nf4 18. a3 c5 19. Qf2 a4 20. 0-0 Qb6 21. Rab1 Qe6 22. Qh4 Kh8 23. Nd2 b5 24. Kh2 c4 25. dxc4 bxc4 26. Bf3 c3 27. Bg4 Qc6 28. Nf3 Nc5 29. Qh6 Rg8 30. Nxe5 Qxe4 31. Nxf7# 1-0